000 00665nam a2200193Ia 4500
008 151121s9999||||xx |||||||||||||| ||und||
082 _a790।028/जागीर
082 _bHNW-48286
100 _aजागीरदार गजानन
245 _aअभिनय कसा करावा
260 _b"इंडिया बुक कंपनी, पुणे।"
260 _c--
300 _a188
600 _aजागीरदार गजानन
630 _aअभिनय कसा करावा
700 _aजागीरदार गजानन
730 _aअभिनय कसा करावा
942 _cBOOK
999 _c1233914
_d1233911